[Event "Chern"]
[Site "Chern"]
[Date "2012.03.22"]
[Round "9"]
[White "Pogosian, Georgy"]
[Black "Katkov, Sergey"]
[Result "1-0"]
[WhiteElo "2201"]
[BlackElo "1984"]
[PlyCount "73"]
[EventDate "2012.03.17"]
[EventType "tourn"]
[EventRounds "13"]
[EventCountry "RUS"]
[EventCategory "3"]
[SourceTitle "EXT 2013"]
[Source "ChessBase"]
[SourceDate "2012.11.22"]
[SourceVersion "1"]
[SourceVersionDate "2012.11.22"]
[SourceQuality "1"]

1. e4 e6 2. d4 d5 3. Nc3 Bb4 4. e5 Ne7 5. a3 Bxc3+ 6. bxc3 c5 7. Qg4 Qc7 8. Qxg7 Rg8 9. Qxh7 cxd4 10. Ne2 Nbc6 11. f4 dxc3 12. Qd3 d4 13. Nxd4 Nxd4 14. Qxd4 Bd7 15. Rg1 Nf5 16. Qf2 Bc6 17. g4 Ne7 18. Bd3 a6 19. h4 0-0-0 20. Rb1 Nd5 21. h5 Rh8 22. Qc5 Rdf8 23. Be4 f6 24. Qd4 fxe5 25. Qxe5 Nf6 26. Qxc7+ Kxc7 27. Bxc6 Kxc6 28. Rb3 Nd5 29. Kf2 Nxf4 30. Rxc3+ Kd6 31. Rd1+ Nd5+ 32. Kg3 b5 33. h6 Rfg8 34. Kh4 Rh7 35. g5 Rf7 36. Rg3 Rf2 37. h7 1-0

[Event "Chern"]
[Site "Chern"]
[Date "2012.03.21"]
[Round "8"]
[White "Katkov, Sergey"]
[Black "Tishin, Petr"]
[Result "0-1"]
[WhiteElo "1984"]
[BlackElo "2418"]
[PlyCount "38"]
[EventDate "2012.03.17"]
[EventType "tourn"]
[EventRounds "13"]
[EventCountry "RUS"]
[EventCategory "3"]
[SourceTitle "EXT 2013"]
[Source "ChessBase"]
[SourceDate "2012.11.22"]
[SourceVersion "1"]
[SourceVersionDate "2012.11.22"]
[SourceQuality "1"]

1. e4 c5 2. Nf3 Nc6 3. Nc3 e6 4. Bb5 Nd4 5. Nxd4 cxd4 6. Ne2 Qg5 7. Nxd4 Qc5 8. c3 e5 9. b4 Qb6 10. Qe2 exd4 11. cxd4 Qxd4 12. Rb1 Nf6 13. 0-0 Be7 14. Re1 a6 15. Bd3 0-0 16. Bb2 Qb6 17. Bc3 d6 18. h3 Be6 19. Kh1 Rac8 0-1

[Event "Chern"]
[Site "Chern"]
[Date "2012.03.17"]
[Round "1"]
[White "Katkov, Sergey"]
[Black "Gusev, Aleksey"]
[Result "0-1"]
[WhiteElo "1984"]
[BlackElo "2417"]
[PlyCount "112"]
[EventDate "2012.03.17"]
[EventType "tourn"]
[EventRounds "13"]
[EventCountry "RUS"]
[EventCategory "3"]
[SourceTitle "EXT 2013"]
[Source "ChessBase"]
[SourceDate "2012.11.22"]
[SourceVersion "1"]
[SourceVersionDate "2012.11.22"]
[SourceQuality "1"]

1. e4 c5 2. Nf3 d6 3. d4 cxd4 4. Nxd4 Nf6 5. Nc3 a6 6. Bc4 e6 7. Bb3 b5 8. 0-0 Be7 9. Qf3 Qc7 10. Qg3 0-0 11. Bh6 Ne8 12. Rad1 Kh8 13. Be3 Nf6 14. f3 Bd7 15. Rd2 Nc6 16. Nxc6 Bxc6 17. Rfd1 Nd7 18. Bd4 Rg8 19. Ne2 a5 20. c3 a4 21. Bc2 e5 22. Be3 Nb6 23. b3 axb3 24. axb3 Nd7 25. b4 Nb6 26. Bb3 Nc4 27. Bxc4 bxc4 28. Rb1 Qb7 29. Qf2 Ra3 30. b5 Qxb5 31. Rxb5 Ra1+ 32. Qf1 Rxf1+ 33. Kxf1 Bxb5 34. Rb2 Bc6 35. Ng3 g6 36. Bh6 Rc8 37. Ke2 Kg8 38. Nf1 d5 39. Nd2 g5 40. exd5 Bxd5 41. Rb5 Rd8 42. Nf1 f6 43. Ne3 Be6 44. h4 gxh4 45. Rb7 Kf7 46. f4 Rd7 47. Rxd7 Bxd7 48. fxe5 fxe5 49. Kf3 Kg6 50. Nxc4 Bc6+ 51. Kf2 Kxh6 52. Nxe5 Bc5+ 53. Kf1 Be4 54. Ng4+ Kg5 55. Ne5 Kf5 56. Nd7 Ba7 0-1

[Event "Sibiria Region-ch"]
[Site "Novokuznetsk"]
[Date "2008.03.21"]
[Round "9"]
[White "Salinnikov, Denis Y"]
[Black "Katkov, Sergey"]
[Result "1/2-1/2"]
[WhiteElo "2395"]
[BlackElo "2242"]
[PlyCount "21"]
[EventDate "2008.03.13"]
[EventType "swiss"]
[EventRounds "9"]
[EventCountry "RUS"]
[SourceTitle "CBM 123 Extra"]
[Source "ChessBase"]
[SourceDate "2008.05.06"]
[SourceVersion "1"]
[SourceVersionDate "2008.05.06"]
[SourceQuality "1"]

1. e4 e5 2. Nf3 Nc6 3. Bb5 Nf6 4. 0-0 Nxe4 5. d4 Nd6 6. Bxc6 dxc6 7. dxe5 Nf5 8. Qxd8+ Kxd8 9. Nc3 Ne7 10. Rd1+ Ke8 11. h3 1/2-1/2

[Event "RUS-chT Clubs sf"]
[Site "Cheliabinsk"]
[Date "2005.01.??"]
[Round "8"]
[White "Gavariev, Renat"]
[Black "Katkov, Sergey"]
[Result "1/2-1/2"]
[WhiteElo "2303"]
[BlackElo "2272"]
[PlyCount "73"]
[EventDate "2005.01.??"]
[EventType "team"]
[EventRounds "9"]
[EventCountry "RUS"]
[SourceTitle "EXT 2006"]
[Source "ChessBase"]
[SourceDate "2005.11.24"]
[SourceVersion "1"]
[SourceVersionDate "2005.11.24"]
[SourceQuality "1"]

1. d4 Nf6 2. c4 e6 3. Nf3 b6 4. g3 Ba6 5. b3 Bb7 6. Bg2 Be7 7. 0-0 0-0 8. Bb2 d6 9. Nbd2 c5 10. Qc2 Nc6 11. dxc5 bxc5 12. Rad1 Qb6 13. Ng5 Nd4 14. Qd3 Bxg2 15. Kxg2 h6 16. e3 hxg5 17. exd4 cxd4 18. Bxd4 Qc6+ 19. Kg1 a5 20. Bxf6 gxf6 21. Rfe1 f5 22. Nf3 Rfe8 23. Nd4 Qc5 24. Nb5 a4 25. b4 Qc6 26. a3 Kg7 27. Nxd6 Bxd6 28. Qxd6 Qxc4 29. Qe5+ Kg6 30. Rc1 Qg4 31. Qe2 Qxe2 32. Rxe2 Red8 33. Re3 f4 34. gxf4 gxf4 35. Rec3 Kf5 36. Rb1 e5 37. b5 1/2-1/2

[Event "RUS-chT Clubs sf"]
[Site "Cheliabinsk"]
[Date "2005.01.??"]
[Round "4"]
[White "Ogloblin, Nikolay"]
[Black "Katkov, Sergey"]
[Result "1-0"]
[WhiteElo "2429"]
[BlackElo "2272"]
[PlyCount "51"]
[EventDate "2005.01.??"]
[EventType "team"]
[EventRounds "9"]
[EventCountry "RUS"]
[SourceTitle "EXT 2006"]
[Source "ChessBase"]
[SourceDate "2005.11.24"]
[SourceVersion "1"]
[SourceVersionDate "2005.11.24"]
[SourceQuality "1"]

1. d4 Nf6 2. Nf3 e6 3. c4 b6 4. a3 Ba6 5. Qa4 c5 6. Nc3 cxd4 7. Nxd4 Bb7 8. Bf4 a6 9. e3 Be7 10. Be2 0-0 11. 0-0 d6 12. Bg3 Qc7 13. Rac1 Nbd7 14. b4 Rac8 15. Rfd1 Rfd8 16. Qb3 Kh8 17. Qb1 Qb8 18. Nf3 h6 19. Rd2 Nh5 20. Ng5 hxg5 21. Bxh5 g6 22. Be2 Qa8 23. Bxd6 Bxd6 24. Rxd6 Bxg2 25. e4 Bh3 26. Qd3 1-0

[Event "RUS-chT 10th final B"]
[Site "Togliatti"]
[Date "2003.05.25"]
[Round "3"]
[White "Petukhov, Valery"]
[Black "Katkov, Sergey"]
[Result "1-0"]
[WhiteElo "2467"]
[BlackElo "2234"]
[PlyCount "115"]
[EventDate "2003.05.23"]
[EventType "team-tourn"]
[EventRounds "3"]
[EventCountry "RUS"]
[SourceTitle "EXT 2020"]
[Source "ChessBase"]
[SourceDate "2019.10.17"]
[SourceVersion "1"]
[SourceVersionDate "2019.10.17"]
[SourceQuality "1"]
[WhiteTeam "Vladivostok Debiut-DVGU"]
[BlackTeam "Tomsk Siberian Athens-Neftekhim"]
[WhiteTeamCountry "RUS"]
[BlackTeamCountry "RUS"]

1. c4 e5 2. Nc3 Nc6 3. Nf3 Nf6 4. g3 g6 5. Bg2 Bg7 6. d4 exd4 7. Nxd4 0-0 8. Nxc6 bxc6 9. Qa4 Bb7 10. 0-0 Qe7 11. Bf4 Rfc8 12. Rad1 Nh5 13. Be3 a5 14. Rd2 Qb4 15. Qc2 Qxc4 16. Rxd7 Qe6 17. Rfd1 Nf6 18. R7d2 Rab8 19. Qa4 Ra8 20. Qh4 Nd5 21. Bh6 Bf6 22. Qe4 Nxc3 23. Qxe6 fxe6 24. bxc3 Bxc3 25. Rc2 Bb4 26. Bxc6 Bxc6 27. Rxc6 Bd6 28. Be3 Kf7 29. Bc5 Bxc5 30. Rxc5 Ke7 31. Rd3 Ra7 32. Rc6 Re8 33. f4 Rd8 34. Rxd8 Kxd8 35. Rxe6 Kd7 36. Rf6 Ke7 37. Rc6 Kd7 38. Rc4 a4 39. Kf2 Kd6 40. Ke3 c5 41. Kd3 Kc6 42. Re4 Kb5 43. h4 Rd7+ 44. Kc2 Rb7 45. g4 Ka5 46. f5 gxf5 47. gxf5 Rf7 48. Rf4 Kb5 49. f6 Kc6 50. Kc3 Kd5 51. Rf3 h5 52. Rf1 Ke5 53. Kc4 Rxf6 54. Rxf6 Kxf6 55. Kd5 c4 56. Kxc4 Kf5 57. Kd5 Kg4 58. e4 1-0

[Event "Sibiria Region-ch"]
[Site "Novosibirsk"]
[Date "2003.??.??"]
[Round "9"]
[White "Filippov, Alexander"]
[Black "Katkov, Sergey"]
[Result "1-0"]
[WhiteElo "2261"]
[BlackElo "2239"]
[PlyCount "73"]
[EventDate "2003.05.??"]
[EventType "swiss"]
[EventRounds "9"]
[EventCountry "RUS"]
[SourceTitle "EXT 2008"]
[Source "ChessBase"]
[SourceDate "2007.11.25"]
[SourceVersion "1"]
[SourceVersionDate "2007.11.25"]
[SourceQuality "1"]

1. e4 c5 2. c3 e6 3. d4 d5 4. e5 Qb6 5. Nf3 Bd7 6. Be2 Bb5 7. c4 dxc4 8. d5 exd5 9. Qxd5 Ne7 10. Qe4 Na6 11. Nbd2 Bc6 12. Qxc4 Nd5 13. 0-0 Qb4 14. a3 Qxc4 15. Nxc4 Rb8 16. Na5 Nac7 17. Nxc6 bxc6 18. Nd2 Ne6 19. Nc4 Nd4 20. Bd1 Nb3 21. Rb1 Be7 22. Bd2 h5 23. Bc3 Nd4 24. Bxd4 cxd4 25. Ba4 0-0 26. Bxc6 Rfd8 27. b4 Nc3 28. Rb3 f6 29. e6 g5 30. Re1 Rbc8 31. Na5 Rd6 32. b5 Na4 33. Rb4 Nb6 34. Nb7 Rdxc6 35. bxc6 Bxb4 36. axb4 a6 37. Nd6 1-0

[Event "Sibiria Region-ch"]
[Site "Novosibirsk"]
[Date "2003.??.??"]
[Round "7"]
[White "Kargin, Arseny"]
[Black "Katkov, Sergey"]
[Result "1-0"]
[WhiteElo "2408"]
[BlackElo "2239"]
[PlyCount "49"]
[EventDate "2003.05.??"]
[EventType "swiss"]
[EventRounds "9"]
[EventCountry "RUS"]
[SourceTitle "EXT 2008"]
[Source "ChessBase"]
[SourceDate "2007.11.25"]
[SourceVersion "1"]
[SourceVersionDate "2007.11.25"]
[SourceQuality "1"]

1. e4 c5 2. Nf3 Nc6 3. Bb5 g6 4. 0-0 Bg7 5. c3 e5 6. d4 exd4 7. cxd4 cxd4 8. Bf4 Nge7 9. Bd6 0-0 10. Nbd2 a6 11. Bc4 b5 12. Bb3 Na5 13. Rc1 Ra7 14. Re1 Nec6 15. Bxf8 Qxf8 16. Bd5 d3 17. e5 Nb4 18. Bb3 d6 19. exd6 Bg4 20. Re4 Bxf3 21. Nxf3 Nxb3 22. Qxb3 a5 23. a3 Bh6 24. Rd1 Qa8 25. Rh4 1-0

[Event "UKR-ch U20 sf"]
[Site "Kiev"]
[Date "2002.12.13"]
[Round "6"]
[White "Katkov, Sergey"]
[Black "Kryvoruchko, Yuriy"]
[Result "0-1"]
[WhiteElo "2262"]
[BlackElo "2355"]
[PlyCount "100"]
[EventDate "2002.12.07"]
[EventType "swiss"]
[EventRounds "9"]
[EventCountry "UKR"]
[SourceTitle "EXT 2004"]
[Source "ChessBase"]
[SourceDate "2003.11.25"]
[SourceVersion "1"]
[SourceVersionDate "2003.11.25"]
[SourceQuality "1"]

1. e4 d6 2. Nc3 g6 3. g3 Bg7 4. Bg2 Nf6 5. Nge2 0-0 6. 0-0 e5 7. d3 c6 8. h3 b5 9. a3 Nbd7 10. f4 Bb7 11. f5 d5 12. g4 dxe4 13. Nxe4 Nxe4 14. dxe4 Qb6+ 15. Kh1 Nf6 16. Ng3 Qc5 17. Qe2 Rfd8 18. Be3 Qc4 19. Qxc4 bxc4 20. Rfd1 Bf8 21. g5 Ne8 22. c3 c5 23. Kg1 Rd3 24. Rxd3 cxd3 25. fxg6 hxg6 26. b3 Ba6 27. Nf1 c4 28. b4 Nd6 29. a4 Bb7 30. Nd2 a6 31. h4 Bc8 32. Kf2 Be6 33. Bf3 Be7 34. Rg1 Bd7 35. Bd1 Kg7 36. Bc5 Rc8 37. Bg4 Bxg4 38. Rxg4 Bf8 39. Nf3 f5 40. gxf6+ Kxf6 41. Be3 Nf7 42. Bg5+ Nxg5 43. hxg5+ Ke6 44. Ke3 a5 45. b5 Bc5+ 46. Kd2 Rf8 47. Rg3 Rf4 48. Rh3 Rxe4 49. Rh6 Kf5 50. Kd1 Rg4 0-1

[Event "UKR-ch U20 sf"]
[Site "Kiev"]
[Date "2002.12.08"]
[Round "1"]
[White "Evchin, Maxim"]
[Black "Katkov, Sergey"]
[Result "0-1"]
[WhiteElo "2282"]
[BlackElo "2262"]
[PlyCount "110"]
[EventDate "2002.12.07"]
[EventType "swiss"]
[EventRounds "9"]
[EventCountry "UKR"]
[SourceTitle "EXT 2004"]
[Source "ChessBase"]
[SourceDate "2003.11.25"]
[SourceVersion "1"]
[SourceVersionDate "2003.11.25"]
[SourceQuality "1"]

1. e4 Nf6 2. e5 Nd5 3. Nc3 Nxc3 4. dxc3 d6 5. Nf3 dxe5 6. Qxd8+ Kxd8 7. Nxe5 Ke8 8. Bc4 e6 9. Be3 Bd6 10. Nd3 Nd7 11. 0-0-0 a6 12. a4 b6 13. f3 Bb7 14. Rd2 h5 15. Kb1 h4 16. h3 Rh5 17. Bd4 Ne5 18. Nxe5 Bxe5 19. Be3 Bc6 20. Rhd1 Bxa4 21. Be2 Bf6 22. f4 Rh8 23. Bf3 Rd8 24. Rxd8+ Bxd8 25. c4 c5 26. Bb7 a5 27. Be4 Bd7 28. Ka2 Bc7 29. Rf1 Ke7 30. Bd2 f6 31. Be1 Be8 32. b3 g6 33. Bd2 e5 34. fxe5 Bxe5 35. Re1 Kd6 36. Rd1 Kc7 37. Be1 Bf7 38. Bf2 g5 39. Bd5 Bg6 40. Rd2 Bf4 41. Re2 Re8 42. Rxe8 Bxe8 43. Be1 Kd6 44. Bc3 Be5 45. Bd2 Bd7 46. Bf3 Bc6 47. Bxc6 Kxc6 48. Ka3 Bd6 49. Ka4 Be7 50. Bc3 f5 51. Bd2 g4 52. hxg4 fxg4 53. Be1 h3 54. gxh3 gxh3 55. Bg3 Bd6 0-1